Les Origines Indo-Européennes ou Aryas Primitifs (Record no. 162090)

MARC details
000 -LEADER
campo de control de longitud fija 00610nam a22001815i 4500
001 - NÚMERO DE CONTROL
campo de control 162090
003 - IDENTIFICADOR DE NÚMERO DE CONTROL
campo de control ES-MaACL
005 - FECHA Y HORA DE LA ÚLTIMA TRANSACCIÓN
campo de control 20230906212426.0
008 - DATOS DE LONGITUD FIJA--INFORMACIÓN GENERAL
campo de control de longitud fija 960924m18591863fr |||| | fre d
040 ## - FUENTE DE CATALOGACIÓN
Centro catalogador/agencia de origen EUS
Lengua de catalogación spa
Centro/agencia transcriptor EUS
100 1# - ENTRADA PRINCIPAL--NOMBRE DE PERSONA
Nombre de persona Pictet, Adolphe.
9 (RLIN) 131137
245 10 - MENCIÓN DEL TÍTULO
Título Les Origines Indo-Européennes ou Aryas Primitifs
Resto del título : essai de palèontologie linguistique /
Mención de responsabilidad, etc. par Adolphe Pictet.
260 ## - PUBLICACIÓN, DISTRIBUCIÓN, ETC.
Lugar de publicación, distribución, etc. Paris :
Nombre del editor, distribuidor, etc. Jöel Cherbuliez,
Fecha de publicación, distribución, etc. 1859 (
Lugar de fabricación/manufactura Paris :
Fabricante Typographie de A. Moulin)
300 ## - DESCRIPCIÓN FÍSICA
Extensión 2 v. ;
Dimensiones 28 cm.
597 ## - NOTA DE DESCRIPCIÓN FÍSICA
NOTA DE DESCRIPCIÓN FÍSICA Signaturizado.
597 ## - NOTA DE DESCRIPCIÓN FÍSICA
NOTA DE DESCRIPCIÓN FÍSICA Antep.
852 ## - LOCALIZACIÓN
Ubicación ES-MaACL
Número de control de estantería G-6380-81
Nota libre -- Enc. hol.
Holdings
Estatus retirado Estado de pérdida Estado de daño No para préstamo Colección Biblioteca de origen Biblioteca actual Ubicación en estantería Fecha de adquisición Total de préstamos Signatura topográfica completa Código de barras Visto por última vez Precio de reemplazo Tipo de ítem Koha
        Libros del s. XIX Biblioteca del Ateneo de Madrid Biblioteca del Ateneo de Madrid Depósito 2 17/01/2008   G-6380-81 1169799 23/02/2023 23/02/2023 Libro impreso antiguo